000 00309nam a22001337a 4500
008 170613b xxu||||| |||| 00| 0 eng d
020 _a9780155053175
041 _aeng
080 _a32
100 _a19
101 _aSHP
245 _aRUSIA AT THE TWENTY FISET CENTURY
_cBOILARD.S.D
942 _2udc
_cBK
999 _c17141
_d17141